[Event "Volgodonsk op"]
[Site "Volgodonsk"]
[Date "2007.07.27"]
[Round "9"]
[White "Gusarchuk, Aleksei"]
[Black "Weetik, Vjacheslav"]
[Result "0-1"]
[WhiteElo "2330"]
[BlackElo "2408"]
[PlyCount "71"]
[EventDate "2007.07.19"]
[EventType "swiss"]
[EventRounds "9"]
[EventCountry "RUS"]
[SourceTitle "EXT 2010"]
[Source "ChessBase"]
[SourceDate "2010.11.25"]
[SourceVersion "1"]
[SourceVersionDate "2010.11.25"]
[SourceQuality "1"]

1. d4 Nf6 2. c4 g6 3. Nc3 Bg7 4. e4 d6 5. Nf3 0-0 6. Be2 e5 7. 0-0 Nc6 8. d5 Ne7 9. b4 Nh5 10. Re1 Nf4 11. Bf1 a5 12. Ba3 axb4 13. Bxb4 Bg4 14. Re3 b6 15. a4 Bh6 16. h3 Bd7 17. Re1 f5 18. Nd2 Bc8 19. Nb5 fxe4 20. Nxe4 Nf5 21. g3 Nh5 22. a5 bxa5 23. Rxa5 Rb8 24. Ra7 Nf6 25. Ba5 Nxe4 26. Rxe4 Qf6 27. Qf3 Qg5 28. Qg4 Qf6 29. Qe2 Nd4 30. Nxd4 exd4 31. Re8 Rb1 32. Rxf8+ Bxf8 33. Rxc7 Bxh3 34. Be1 d3 35. Qe3 Bxf1 36. Kxf1 0-1

[Event "Stepanov Memorial op"]
[Site "Sochi"]
[Date "2005.10.??"]
[Round "2"]
[White "Zakharov, Alexander S"]
[Black "Gusarchuk, Aleksei"]
[Result "1/2-1/2"]
[WhiteElo "2414"]
[BlackElo "2277"]
[PlyCount "119"]
[EventDate "2005.10.13"]
[EventType "swiss"]
[EventRounds "9"]
[EventCountry "RUS"]
[SourceTitle "EXT 2007"]
[Source "ChessBase"]
[SourceDate "2006.11.23"]
[SourceVersion "1"]
[SourceVersionDate "2006.11.23"]
[SourceQuality "1"]

1. e4 d6 2. d4 Nf6 3. Nc3 g6 4. Be2 Bg7 5. Bg5 c6 6. Qd2 b5 7. a3 0-0 8. Nf3 Qc7 9. 0-0 Nbd7 10. e5 dxe5 11. dxe5 Nxe5 12. Nxe5 Qxe5 13. Bf3 Ng4 14. Bxg4 Bxg4 15. Rae1 Qd6 16. Rxe7 Qxd2 17. Bxd2 Rfd8 18. Be3 Bf5 19. Rc7 Bxc2 20. Rxc6 Bd3 21. Rd1 a5 22. Bg5 Rd7 23. Bf6 b4 24. Bxg7 Kxg7 25. Ne2 Re8 26. Nf4 Bc4 27. Rc1 Re4 28. g3 bxa3 29. bxa3 Bb3 30. Rc7 Rxc7 31. Rxc7 Re1+ 32. Kg2 Ra1 33. h4 Rxa3 34. g4 Ra4 35. Kg3 Rc4 36. Ra7 Rc3+ 37. f3 a4 38. g5 h6 39. Ne2 Rc4 40. Nf4 hxg5 41. Ne6+ Kf6 42. Nxg5 Rb4 43. Ra5 Rb7 44. Ne4+ Ke7 45. Kf4 Kd8 46. Ke5 Kc7 47. Kd4 Kb6 48. Ra8 Ra7 49. Rxa7 Kxa7 50. f4 Be6 51. Ng5 Ka6 52. Kc3 Bd5 53. f5 gxf5 54. h5 f6 55. h6 Bg8 56. h7 Bxh7 57. Nxh7 f4 58. Nxf6 f3 59. Ne4 Kb5 60. Nf2 1/2-1/2

[Event "Krasnodar Elo U18"]
[Site "Krasnodar"]
[Date "2004.11.??"]
[Round "5"]
[White "Gusarchuk, Aleksei"]
[Black "Doroshenko, Diana"]
[Result "1-0"]
[WhiteElo "2258"]
[BlackElo "2131"]
[PlyCount "121"]
[EventDate "2004.11.??"]
[EventType "tourn"]
[EventRounds "9"]
[EventCountry "RUS"]
[SourceTitle "EXT 2006"]
[Source "ChessBase"]
[SourceDate "2005.11.24"]
[SourceVersion "1"]
[SourceVersionDate "2005.11.24"]
[SourceQuality "1"]

1. d4 d5 2. c4 e6 3. Nc3 c6 4. Nf3 Nf6 5. e3 Nbd7 6. Qc2 Be7 7. b3 Qc7 8. Bd2 0-0 9. Bd3 dxc4 10. bxc4 Rd8 11. 0-0 Nf8 12. Rad1 Ng6 13. Ne5 Bd7 14. f4 c5 15. d5 exd5 16. cxd5 Bd6 17. Nxd7 Qxd7 18. Nb5 Qe7 19. Rfe1 a6 20. Nxd6 Qxd6 21. Be2 b5 22. Bc3 Nd7 23. g3 Re8 24. Bg4 Ndf8 25. e4 f6 26. Re3 c4 27. e5 fxe5 28. fxe5 Nxe5 29. Be6+ Nxe6 30. Bxe5 Qc5 31. Qe2 Nc7 32. Kh1 Nxd5 33. Qg4 g6 34. Qd7 Re7 35. Rxd5 Qxe3 36. Qxe7 Qf3+ 37. Kg1 Qe3+ 38. Kg2 Qe4+ 39. Kh3 Qf5+ 40. g4 Qf3+ 41. Kh4 Qf7 42. Rd8+ Rxd8 43. Qxd8+ Qf8 44. Qd5+ Qf7 45. Qa8+ Qf8 46. Qxf8+ Kxf8 47. Bc3 h6 48. g5 h5 49. Kg3 Kf7 50. Kf4 Ke6 51. Ke4 Kd6 52. Bb4+ Kc6 53. Ke5 Kb6 54. Kf6 a5 55. Bd2 b4 56. Kxg6 c3 57. Be3+ Kb5 58. Kxh5 a4 59. g6 b3 60. axb3 axb3 61. g7 1-0

[Event "Krasnodar Elo U18"]
[Site "Krasnodar"]
[Date "2004.11.??"]
[Round "3"]
[White "Gusarchuk, Aleksei"]
[Black "Vastrukhin, Oleg"]
[Result "1-0"]
[WhiteElo "2258"]
[BlackElo "2108"]
[PlyCount "105"]
[EventDate "2004.11.??"]
[EventType "tourn"]
[EventRounds "9"]
[EventCountry "RUS"]
[SourceTitle "EXT 2006"]
[Source "ChessBase"]
[SourceDate "2005.11.24"]
[SourceVersion "1"]
[SourceVersionDate "2005.11.24"]
[SourceQuality "1"]

1. d4 Nf6 2. c4 g6 3. Nf3 Bg7 4. Nc3 d5 5. Bg5 Ne4 6. Qc1 Nxg5 7. Qxg5 dxc4 8. e4 Nc6 9. Rd1 h6 10. Qb5 0-0 11. Be2 Bg4 12. d5 a6 13. Qxc4 Na5 14. Qa4 b6 15. 0-0 Bxf3 16. Bxf3 Nb7 17. Rfe1 Qd6 18. Qc2 Nc5 19. g3 Nd7 20. Bg2 Qc5 21. Qe2 Ne5 22. Kh1 Nc4 23. Na4 Qb4 24. b3 Nd6 25. Qc2 b5 26. Nc5 Qc3 27. Rc1 b4 28. Qe2 Qb2 29. Rc2 Qa3 30. e5 Nb5 31. Qd3 Rad8 32. Ne4 Qa5 33. Nd2 Nc3 34. Nc4 Qb5 35. Rd2 e6 36. d6 cxd6 37. exd6 Rd7 38. Rc1 Rfd8 39. a4 Qc5 40. Re1 Bf8 41. Qe3 Bxd6 42. Nb6 Rc7 43. Qxc5 Rxc5 44. Re3 Bc7 45. Nd7 Re5 46. Nf6+ Kg7 47. Rxd8 Rxe3 48. Rg8+ Kxf6 49. fxe3 Bb6 50. Rb8 Bc5 51. a5 Nd1 52. Bf1 Ke5 53. Bxa6 1-0